| 000 | 01258cam a22003497a 4500 | ||
|---|---|---|---|
| 003 | CHAP | ||
| 005 | 20220329142459.0 | ||
| 008 | 010605d2001 mx a r 00110 spa d | ||
| 010 | _a84071 | ||
| 011 | _a85043 | ||
| 035 | _a95573 | ||
| 040 | _cCHAP | ||
| 082 | 0 | 4 |
_a634 _bB63 |
| 100 | 0 | 0 |
_aBorys, Michal Wlodzimierz. _913960 |
| 245 | 1 | 3 |
_aEl potencial genético frutícola de la República Mexicana _c/por Michal W. Borys y Helena Leszczyñska-Borys |
| 260 |
_aCoatepec Harinas, Edo. de México : _bFundación Salvador Sánchez Colin, _c2001. |
||
| 300 |
_a99 p. : _bilus. |
||
| 590 |
_aBATCH-UPD _b10 _c20130110 _lUCH01 _h0228 |
||
| 590 |
_aBATCH-UPD _b10 _c20130110 _lUCH01 _h1904 |
||
| 590 |
_aBATCH-UPD _b10 _c20130409 _lUCH01 _h2250 |
||
| 590 |
_aBATCH-UPD _b10 _c20130410 _lUCH01 _h1232 |
||
| 590 |
_aBATCH-UPD _b10 _c20130914 _lUCH01 _h1004 |
||
| 590 |
_aCONVERSION _b10 _c20130109 _lUCH01 _h1347 |
||
| 650 | 1 | 4 |
_aFruta _xGenética. _943621 |
| 650 | 1 | 4 |
_aFruticultura _zMéxico. _943762 |
| 700 | 0 |
_aLeszczyñska-Borys, Helena. _966364 |
|
| 901 | _aBK | ||
| 905 | _aLilia Sánchez G. | ||
| 942 | _cLIBRO | ||
| 949 |
_a634 B63 _bBC _cLIBRO _d33724000820510 _eLIBRO _fc.2 _h100040 _i95573 _si |
||
| 949 |
_a634 B63 _bBC _cLIBRO _d33724000820577 _eLIBRO _h100039 _i95573 _si |
||
| 999 |
_c84071 _d84071 |
||